Corruption Risk and Legitimacy in Outsourced Public Service Provision: Evidence from Serbia (Record no. 8766)

MARC details
000 -LEADER
fixed length control field 02084nam a22003377u 4500
001 - CONTROL NUMBER
control field pwiiw3903
003 - CONTROL NUMBER IDENTIFIER
control field OSt
005 - DATE AND TIME OF LATEST TRANSACTION
control field 20260516120107.0
008 - FIXED-LENGTH DATA ELEMENTS--GENERAL INFORMATION
fixed length control field 160314t2016 au ||||| |||| 00| ||eng d
040 ## - CATALOGING SOURCE
Transcribing agency OSt
041 ## - LANGUAGE CODE
Language code of text/sound track or separate title eng
100 1# - MAIN ENTRY--PERSONAL NAME
Personal name Gligorov, Vladimir
245 10 - TITLE STATEMENT
Title Corruption Risk and Legitimacy in Outsourced Public Service Provision: Evidence from Serbia
260 ## - PUBLICATION, DISTRIBUTION, ETC.
Place of publication, distribution, etc. Wien :
Name of publisher, distributor, etc. Wiener Institut für Internationale Wirtschaftsvergleiche (wiiw),
Date of publication, distribution, etc. 2016.
490 1# - SERIES STATEMENT
Series statement wiiw Balkan Observatory Working Papers
Volume/sequential designation 120
520 ## - SUMMARY, ETC.
Summary, etc. Abstract<br/><br/>The provision of public services is an important way for weak states to build legitimacy, as long as the public regards the allocation of resources as impartial and fair. However, in societies where resources have long been distributed according to particularist and informal ties, it may be difficult to ensure an impartial allocation. We argue that the challenge of using service provision to build state legitimacy is complicated by the wider trend towards increasing private provision of public services. This makes it harder to hold the state to account for service provision, especially in transition and developing-country contexts where the distinction between the public and private spheres is in any case blurred. To explore these issues in the context of Serbia, the paper focuses on the public procurement process. We discuss  process and outcome indicators of corruption risk in Serbian public procurement, assess the institutional  control framework, and consider four recent cases of irregularities that are indicative of corruption risk.<br/>
650 ## - SUBJECT ADDED ENTRY--TOPICAL TERM
Topical term or geographic name entry element public procurement
650 ## - SUBJECT ADDED ENTRY--TOPICAL TERM
Topical term or geographic name entry element outsourcing
650 ## - SUBJECT ADDED ENTRY--TOPICAL TERM
Topical term or geographic name entry element corruption
650 ## - SUBJECT ADDED ENTRY--TOPICAL TERM
Topical term or geographic name entry element patronage
650 ## - SUBJECT ADDED ENTRY--TOPICAL TERM
Topical term or geographic name entry element legitimacy
650 ## - SUBJECT ADDED ENTRY--TOPICAL TERM
Topical term or geographic name entry element transition
650 ## - SUBJECT ADDED ENTRY--TOPICAL TERM
Topical term or geographic name entry element ccountability
651 ## - SUBJECT ADDED ENTRY--GEOGRAPHIC NAME
Geographic name Serbia
690 ## - LOCAL SUBJECT ADDED ENTRY--TOPICAL TERM (OCLC, RLIN)
Topical term or geographic name as entry element Macroeconomic Analysis and Policy
700 1# - ADDED ENTRY--PERSONAL NAME
Personal name Dávid-Barrett, Elizabeth
700 1# - ADDED ENTRY--PERSONAL NAME
Personal name Krstić, Jelena
830 #0 - SERIES ADDED ENTRY--UNIFORM TITLE
Volume/sequential designation 120
Bibliographic record control number WIIW0000140
Title of a work wiiw Balkan Observatory Working Papers
856 40 - ELECTRONIC LOCATION AND ACCESS
Uniform Resource Identifier <a href="https://wiiw.ac.at/p-3903.html">https://wiiw.ac.at/p-3903.html</a>
942 ## - ADDED ENTRY ELEMENTS (KOHA)
Koha item type Paper
Source of classification or shelving scheme Other/Generic Classification Scheme
Holdings
Withdrawn status Lost status Damaged status Not for loan Home library Current library Shelving location Date acquired Inventory number Total Checkouts Full call number Barcode Date last seen Price effective from Koha item type
        WIIW WIIW Library 03/14/2016 pwiiw3903   120 1000010003903 03/14/2016 02/05/2019 Paper
The Vienna Instiute for International Economic Studies (wiiw)